Central Library OPAC University of Rajshahi

Members of the Long Parliament / (Record no. 58399)

MARC details
000 -LEADER
fixed length control field 00902nam a2200253 a 4500
001 - CONTROL NUMBER
control field 58399
003 - CONTROL NUMBER IDENTIFIER
rucl marc code BD-RjUL
005 - DATE AND TIME OF LATEST TRANSACTION
control field 20211209080621.0
008 - FIXED-LENGTH DATA ELEMENTS--GENERAL INFORMATION
fixed length control field 161217s1954 enk b 001 0 eng d
035 ## - SYSTEM CONTROL NUMBER
System control number (BD-RjUL)58523
040 ## - CATALOGING SOURCE
Original cataloging agency BD-RjUL
Language of cataloging eng
Transcribing agency BD-RjUL
041 ## - LANGUAGE CODE
Language code of text/sound track or separate title eng
082 ## - DEWEY DECIMAL CLASSIFICATION NUMBER
Edition number 23
Classification number 328.4209
Author mark and year BRM 1954
100 1# - MAIN ENTRY--PERSONAL NAME
Personal name Brunton, D.
Fuller form of name (Douglas),
Dates associated with a name 1917-1952.
9 (RLIN) 173451
245 10 - TITLE STATEMENT
Title Members of the Long Parliament /
Statement of responsibility, etc. D. Brunton and D.H. Pennington ; introduction by R.H. Tawney.
260 ## - PUBLICATION, DISTRIBUTION, ETC. (IMPRINT)
Place of publication, distribution, etc. London :
Name of publisher, distributor, etc. George Allen & Unwin,
Date of publication, distribution, etc. c1954
300 ## - PHYSICAL DESCRIPTION
Pagination xxi, 256 p. ;
Size 22 cm.
504 ## - BIBLIOGRAPHY, ETC. NOTE
Bibliography, etc Includes Bibliography: p. 195-199 and index.
610 10 - SUBJECT ADDED ENTRY--CORPORATE NAME
Corporate name or jurisdiction name as entry element Great Britain.
Subordinate unit Parliament
651 #0 - SUBJECT ADDED ENTRY--GEOGRAPHIC NAME
Geographic name Great Britain
General subdivision Politics and government
Chronological subdivision 1642-1660.
9 (RLIN) 173453
700 1# - ADDED ENTRY--PERSONAL NAME
Personal name Pennington, D. H.
Fuller form of name (Donald H.)
Personal name Tawney, R. H.
Fuller form of name (Richard Henry),
Dates associated with a name 1880-1962.
942 ## - ADDED ENTRY ELEMENTS (KOHA)
Source of classification or shelving scheme Dewey Decimal Classification
Koha item type Books
Holdings
Lost status Source of classification or shelving scheme Damaged status Not for loan Collection code Permanent Location Current Location Shelving location Date acquired Source of acquisition Cost, normal purchase price Total Checkouts Full call number Date last seen Copy number Koha item type
  Dewey Decimal Classification   Not For Loan Non-fiction Central Library, University of Rajshahi Central Library, University of Rajshahi Reading Room 26/11/1957 Pak American commercial Inc. 15.12   328.4209 BRM 1954 18/12/2016 C-1 Books